000 00381nam a2200145Ia 4500
008 100122s9999 xx 000 0 und d
082 _b25653
_a821
100 _aओक सुनेत्रा
245 _aचेतसी
260 _bसुशमा प्रकाशन
_c1977
300 _a60
630 _aचेतसी
730 _aचेतसी
942 _cBOOK
999 _c412358
_d412355